00351pab a2200133 454500008004000000100002100040245005100061260000900112300001300121362001200134650002900146650002100175773002100196180718b2005 xxu||||| |||| 00| 0 eng d aSharma, Vijender aCommercialisation of higher education in India c2005 ap.65-74. aSep-Oct aHigher education - India aHigher education aSocial Scientist